Моделирование зажигания жидкого топлива локальным источником нагрева в условиях выгорания жидкости; Химическая физика; Т. 30, № 8

Bibliografiske detaljer
Parent link:Химическая физика/ Российская академия наук (РАН), Отделение химии и наук о материалах РАН.— , 1983-
Т. 30, № 8.— 2011.— С. 62-67
Hovedforfatter: Высокоморная О. В. Ольга Валерьевна
Andre forfattere: Кузнецов Г. В. Гений Владимирович, Стрижак П. А. Павел Александрович
Sprog:russisk
Udgivet: 2011
Fag:
Format: MixedMaterials Book Chapter
KOHA link:https://koha.lib.tpu.ru/cgi-bin/koha/opac-detail.pl?biblionumber=507443

MARC

LEADER 00000naa2a2200000 4500
001 507443
005 20240222064831.0
035 |a (RuTPU)RU\TPU\prd\178995 
035 |a RU\TPU\prd\178993 
090 |a 507443 
100 |a 20130527a2011 k y0rusy50 ca 
101 0 |a rus 
102 |a RU 
200 1 |a Моделирование зажигания жидкого топлива локальным источником нагрева в условиях выгорания жидкости  |f О. В. Высокоморная, Г. В. Кузнецов, П. А. Стрижак 
320 |a Библиогр.: с. 67 (17 назв.) 
461 1 |0 (RuTPU)RU\TPU\prd\417  |t Химическая физика  |f Российская академия наук (РАН), Отделение химии и наук о материалах РАН  |d 1983- 
463 1 |0 (RuTPU)RU\TPU\prd\122254  |t Т. 30, № 8  |v С. 62-67  |d 2011 
610 1 |a труды учёных ТПУ 
700 1 |a Высокоморная  |b О. В.  |c физик  |c доцент Томского политехнического университета, кандидат физико-математических наук   |f 1984-  |g Ольга Валерьевна  |3 (RuTPU)RU\TPU\pers\26480  |9 12182 
701 1 |a Кузнецов  |b Г. В.  |c специалист в области теплоэнергетики  |c профессор Томского политехнического университета, доктор физико-математических наук  |f 1949-  |g Гений Владимирович  |3 (RuTPU)RU\TPU\pers\25528  |9 11458 
701 1 |a Стрижак  |b П. А.  |c специалист в области теплоэнергетики  |c профессор Томского политехнического университета, доктор физико-математических наук  |f 1985-  |g Павел Александрович  |x TPU  |y Томск  |3 (RuTPU)RU\TPU\pers\25983  |9 11832 
801 1 |a RU  |b 63413507  |c 20130527 
801 2 |a RU  |b 63413507  |c 20150326  |g RCR 
942 |c BK